| 000 | 00659nam a22002057a 4500 | ||
|---|---|---|---|
| 005 | 20241011123732.0 | ||
| 010 | _aENG-142060 | ||
| 020 |
_a9789354918896 _c215.00 |
||
| 035 | _aEN-125592 | ||
| 037 | _bDBAD | ||
| 082 |
_a345.5405 _21 |
||
| 100 |
_aHazarika, Namrata _972680 |
||
| 245 |
_aSatras In Transition/ _cBy Namrata Hazarika |
||
| 250 | _a1 | ||
| 260 |
_aNew Delhi _bNational Book Trust, India _c2023 |
||
| 270 |
_aNehru Bhawan, 5 Institutional Area, Phase-II Vasant Kunj _bNew Delhi _e110070 |
||
| 300 |
_a133p. _c22cm(pb) |
||
| 500 | _aGoing Beyond Spirituality and Challenging British Rule | ||
| 942 |
_2ddc _cEN _mHAZ _h345.5405 |
||
| 999 |
_c206321 _d206321 |
||